Tax coordination in the conditions of EU

Guardado en:
Detalles Bibliográficos
Autor principal: Simonidesová, Jana, 1968-
Formato: Capítulo de libro
Lenguaje:inglés
Materias:
Etiquetas: Agregar Etiqueta
Sin Etiquetas, Sea el primero en etiquetar este registro!

MARC

LEADER 00000nla a2200000 4500
001 0225944
005 20240502073717.0
041 0 |a eng 
044 |a SK 
245 1 0 |a Tax coordination in the conditions of EU  |c Jana Simonidesová 
500 |a Abstrakt 
610 2 0 |a dane 
610 2 0 |a harmonizácia 
610 2 0 |a Európska únia 
610 2 0 |a OECD 
610 2 0 |a obchod medzinárodný 
610 2 0 |a zdanenie dvojité 
100 1 |a Simonidesová, Jana, 1968-